000 00330nam a2200133Ia 4500
005 20260328101527.0
008 260328s9999||||xx |||||||||||||| ||und||
100 _aGiménez, Antonio
245 0 _aVivienda colectiva 8 /
_cAntonio Giménez
260 _bPencil
300 _a325 p.
650 _aVIVIENDA MULTIFAMILIAR
942 _cBK
999 _c9821
_d9821